000 00714cam a22002413a 4500
001 14533
003 PGUSA
005 20140828083318.0
008 041230s2004||||xxu|||||s|||||000 1 eng d
040 _aPGUSA
_beng
042 _adc
050 4 _aPR
100 1 _aQuiller-Couch, Arthur,
_d1863-1944
245 1 0 _aHocken and Hunken :
_bA Tale of Troy
_h[electronic resource] /
_cArthur Quiller-Couch
260 _bProject Gutenberg,
_c2004
506 _aPublic domain in the USA.
516 _aElectronic text
653 _aShip captains -- Fiction
653 _aCornwall (England : County) -- Fiction
830 0 _aProject Gutenberg
_v14533
856 4 0 _uhttp://www.gutenberg.org/ebooks/14533
942 _cEB
999 _c243788
_d243788